• 首页
  • 本馆介绍
  • 公告通知
  • 最新文献
  • 馆藏检索
  • 电子资源
  • 读者导购
  • 参考咨询
  • 我的图书馆
  • 登录
  • 详细信息显示
  • 放入我的书架
  • 预约/预借图书
  • 作者相关作品
  • 分类相关作品
  • 丛书相关作品
  • 出版社相关作品

书目信息

  • 表格格式
  • 工作单格式
  • 卡片格式
题名:
中国语言资源集·河南·语音卷
    
 
作者: 辛永芬 , 王新宇 , 段亚广 主编
分册: 1  
出版信息: 北京   中国社会科学出版社  2023
页数: 418页
开本: 22cm
丛书名:
单 册:
中图分类: H17
科图分类:
主题词: 汉语方言
电子资源:
ISBN: 7-5227-2224-1
000 00766nam0 2200229 450
001 2559146315
005 20250901163148.65
010    @a7-5227-2224-1@dCNY168.00
100    @a20250901d2023 km y0chiy0120 ea
101 0  @achi
102    @aCN@b110000
102    @aCN@b110000
200 1  @a中国语言资源集·河南·语音卷@AZhong Guo Yu Yan Zi Yuan Ji·He Nan·Yu Yin Juan@h1@f辛永芬,王新宇,段亚广主编@FXin Yong Fen,Wang Xin Yu,Duan Ya Guang Zhu Bian
210    @a北京@c中国社会科学出版社@d2023
215    @a418页@d22cm
606 0  @a汉语方言
690    @aH17@v4
701  0 @a辛永芬@AXin Yong Fen@4主编
701  0 @a王新宇@AWang Xin Yu@4主编
701  0 @a段亚广@ADuan Ya Guang@4主编
801  0 @aCN@b大连网信软件有限公司图书馆·11@c20250901
905    @aZUCC@dH17@e136:1
    
    中国语言资源集·河南·语音卷.1/辛永芬,王新宇,段亚广主编.-北京:中国社会科学出版社,2023
    418页;22cm
    
    
    ISBN 7-5227-2224-1:CNY168.00
    
●
相关链接 在E读中查询图书 在五车中查询图书 在当当中查询图书 在豆瓣中查询图书


正题名:中国语言资源集·河南·语音卷     索取号:H17/136:1         预约/预借

序号 登录号 条形码 馆藏地/架位号 状态 备注
1 1440070   214400708   第二样本阅览室/ [索取号:H17/136:1] 已借出,限还日期为2035.08.31
借出人:刘巍  
 
唐山师范学院图书馆 欢迎您!
大连网信软件有限公司© 版权所有